Kataloge photographischer und photoelektrischer helligkeiten von 25 galaktischen sternhaufen im RGU- und UcBV-System (Record no. 8732)

MARC details
000 -LEADER
fixed length control field 00686nam a2200193Ia 4500
003 - CONTROL NUMBER IDENTIFIER
control field IN-BaIIA
008 - FIXED-LENGTH DATA ELEMENTS--GENERAL INFORMATION
fixed length control field 211028s9999 xx 000 0 eng d
040 ## - CATALOGING SOURCE
Transcribing agency IIA Library
080 ## - UNIVERSAL DECIMAL CLASSIFICATION NUMBER
Universal Decimal Classification number 083.8(520.82)
Item number BEC
100 ## - MAIN ENTRY--PERSONAL NAME
Personal name Becker, W
9 (RLIN) 14663
245 #0 - TITLE STATEMENT
Title Kataloge photographischer und photoelektrischer helligkeiten von 25 galaktischen sternhaufen im RGU- und UcBV-System
Statement of responsibility, etc. W. Becker, S. N. Svolopoulos and Ch. Fang
260 ## - PUBLICATION, DISTRIBUTION, ETC.
Place of publication, distribution, etc. Basel
Name of publisher, distributor, etc. Astronomisches Institut der Universitat Basel
Date of publication, distribution, etc. 1976
300 ## - PHYSICAL DESCRIPTION
Extent 89p.
650 ## - SUBJECT ADDED ENTRY--TOPICAL TERM
Topical term or geographic name entry element Astronomy and Astrophysics Thesaurus
650 ## - SUBJECT ADDED ENTRY--TOPICAL TERM
Topical term or geographic name entry element Catalogue-Photometry
9 (RLIN) 14664
700 ## - ADDED ENTRY--PERSONAL NAME
Personal name Fang, Ch.
9 (RLIN) 14665
700 ## - ADDED ENTRY--PERSONAL NAME
Personal name Svolopoulos, S. N.
9 (RLIN) 14666
942 ## - ADDED ENTRY ELEMENTS (KOHA)
Koha item type Books
Holdings
Withdrawn status Lost status Damaged status Not for loan Home library Current library Shelving location Date acquired Total Checkouts Full call number Barcode Date last seen Price effective from Koha item type
        IIA Library-Bangalore IIA Library-Bangalore General Stacks 12/06/1986   083.8(520.82)/ BEC 9607 05/11/2021 12/06/1986 Books

Powered by Koha